000 00676nam a22002417a 4500
003 BCEG
005 20260408122615.0
008 260408s2023 ck|||||| |||| 00| 0 spa d
020 _a9789585532502
040 _aBCEG
_bspa
_cBCEG
082 0 4 _a641.509
_bP298f
100 1 _aPatiño, Mónica.
245 1 0 _aFrida Kahlo
_b: los sabores de mi tierra.
260 _aBogotá :
_bCangrejo Editores,
_c2023.
300 _a235 p.
_b: il., fots.
500 _aIncluye glosario.
541 _aCompra.
600 1 4 _aKahlo, Frida,
_d1907-1954.
650 1 4 _aCocina mexicana
_xRecetas.
700 1 _aBizzarri, Flavio,
_efot.
700 1 _aLozano, Luis-Martín,
_eprol.
942 _cBK
999 _c437163
_d437163